The Influence of Parenting Styles on Adolescent Resilience a Case of Karura Community Chapel, Westlands Sub–County, Nairobi, Kenya
সংরক্ষণ করুন:
| প্রধান লেখক: | |
|---|---|
| বিন্যাস: | গ্রন্থ |
| ভাষা: | ইংরেজি |
| প্রকাশিত: |
Nairobi
Daystar University
2024
|
| বিষয়গুলি: | |
| ট্যাগগুলো: |
কোনো ট্যাগ নেই, প্রথমজন হিসাবে ট্যাগ করুন!
|
MARC
| LEADER | 00000nam a22000007a 4500 | ||
|---|---|---|---|
| 003 | OSt | ||
| 005 | 20250904144934.0 | ||
| 008 | 250904b |||||||| |||| 00| 0 eng d | ||
| 040 | |a DUL |b Eng |c DUL |d GKanini | ||
| 050 | |a RJ503.K4N93 2024 | ||
| 100 | |a Nyakio, Catherine E. |e author | ||
| 245 | |a The Influence of Parenting Styles on Adolescent Resilience |b a Case of Karura Community Chapel, Westlands Sub–County, Nairobi, Kenya |c by Catherine E. Nyakio | ||
| 260 | |a Nairobi |b Daystar University |c 2024 | ||
| 300 | |a xii, 129 p |b ill | ||
| 500 | |a A Thesis presented to the School of Applied Human Sciences of Daystar University Nairobi, Kenya Master of Arts in Child Development | ||
| 650 | |a parenting |v adolescents | ||
| 650 | |a parenting |v styles | ||
| 942 | |2 lcc |c THES |h RJ503 |i .K4N93 |k THES |m 2024 |6 RJ0503 K4 N93 | ||
| 952 | |0 0 |1 0 |2 lcc |4 0 |6 RJ0503 K4 N93 02024 |7 0 |8 AFR |9 144500 |a DUA |b DUA |c AFR |d 2025-09-04 |e Daystar University |g 2500.00 |l 0 |o RJ503.K4N93 2024 |p BK0112944 |r 2025-09-04 14:50:07 |w 2025-09-04 |x 112944 |y THES | ||
| 952 | |0 0 |1 0 |2 lcc |4 0 |6 RJ0503 K4 N93 02024 |7 0 |8 AFR |9 144501 |a DUN |b DUN |c AFR |d 2025-09-04 |e Daystar University |g 2500.00 |l 0 |o RJ503.K4N93 2024 |p BK0112945 |r 2025-09-04 14:50:00 |w 2025-09-04 |x 112945 |y THES | ||
| 999 | |c 249213 |d 249212 | ||